Statistics for DJ's By Their Music Style

Click here to take the quiz!

General Stats

  • This quiz has been taken 18 times
  • The average score is 63 of 144

Answer Stats

QuestionTileSelect% Correct
PROGRESSIVE HOUSE DJ'sHeadHunterzNo
82%
TRANCE DJ'sOliver HeldensNo
82%
TRANCE DJ'sArmin Van BuurenYes
76%
TRANCE DJ'sDavid GuettaNo
76%
PROGRESSIVE HOUSE DJ'sDJ SnakeNo
76%
HARDSTYLE DJ'sNicky RomeroNo
76%
TECHNO DJ'sTimmy TrumpetNo
76%
TECHNO DJ'sW&WNo
76%
DUBSTEP / BROSTEP DJ'sClaptoneNo
71%
HARDSTYLE DJ'sTiestoNo
71%
BIGROOM DJ'sVini ViciNo
71%
TECHNO DJ'sCharlotte De WitteYes
65%
TRANCE DJ'sDimitri Vegas & Like MikeNo
65%
PROGRESSIVE HOUSE DJ'sDon DiabloNo
65%
TECHNO DJ'sGordo (Carnage)No
65%
DUBSTEP / BROSTEP DJ'sKSHMRNo
65%
DUBSTEP / BROSTEP DJ'sMartin GarrixNo
65%
PROGRESSIVE HOUSE DJ'sMartin GarrixYes
65%
TRANCE DJ'sPaul Van DykYes
65%
DUBSTEP / BROSTEP DJ'sSkrillexYes
65%
HARDSTYLE DJ'sSkrillexNo
65%
TECHNO DJ'sAmelie LensYes
59%
PROGRESSIVE HOUSE DJ'sAviciiYes
59%
FUTURE HOUSE DJ'sBlasterjaxxNo
59%
FUTURE HOUSE DJ'sCalvin HarrisNo
59%
BIGROOM DJ'sCalvin HarrisNo
59%
FUTURE BASS DJ'sDarudeNo
59%
FUTURE RAVE DJ'sDimitri Vegas & Like MikeNo
59%
HARDSTYLE DJ'sHeadHunterzYes
59%
DRUM & BASS DJ'sMajor LazerNo
59%
HARDSTYLE DJ'sSound RushYes
59%
HARDSTYLE DJ'sSub Zero ProjectYes
59%
ELECTRO HOUSE DJ'sTiestoYes
59%
FUTURE HOUSE DJ'sTimmy TrumpetNo
59%
PSYTRANCE DJ'sAcrazeNo
53%
PROGRESSIVE HOUSE DJ'sAlessoYes
53%
HARDCORE DJ'sAlokNo
53%
HOUSE DJ'sAngerfistNo
53%
FUTURE RAVE DJ'sCharlotte De WitteNo
53%
BIGROOM DJ'sDimitri Vegas & Like MikeYes
53%
PSYTRANCE DJ'sDJ SnakeNo
53%
FUTURE RAVE DJ'sDon DiabloNo
53%
DRUM & BASS DJ'sGaiaNo
53%
FUTURE BASS DJ'sKaskadeNo
53%
HARDCORE DJ'sMadeonNo
53%
HARDCORE DJ'sVintage CultureNo
53%
HARDCORE DJ'sAfrojackNo
47%
BIGROOM DJ'sArmin Van BuurenNo
47%
HARDSTYLE DJ'sDa TweekazYes
47%
TRAP DJ'sDJ SnakeYes
47%
FUTURE HOUSE DJ'sDon DiabloYes
47%
PROGRESSIVE HOUSE DJ'sDubVisionYes
47%
FUTURE RAVE DJ'sKaazeNo
47%
HARDCORE DJ'sKungsNo
47%
TRAP DJ'sMatisse & SadkoNo
47%
FUTURE HOUSE DJ'sOliver HeldensYes
47%
FUTURE RAVE DJ'sOlly JamesNo
47%
TRAP DJ'sSteve AngelloNo
47%
FUTURE BASS DJ'sSub Zero ProjectNo
47%
TRAP DJ'sSunnery James & Ryan MarcianoNo
47%
BIGROOM DJ'sW&WYes
47%
TRAP DJ'sYellow ClawYes
47%
DUBSTEP / BROSTEP DJ'sZomboyYes
47%
ELECTRO HOUSE DJ'sAfrojackYes
41%
ELECTRO HOUSE DJ'sAviciiYes
41%
BIGROOM DJ'sBlasterjaxxYes
41%
HARDSTYLE DJ'sBrennan HeartYes
41%
HARDSTYLE DJ'sCooneYes
41%
DRUM & BASS DJ'sDeadmau5No
41%
HOUSE DJ'sFisherYes
41%
PSYTRANCE DJ'sInfected MushroomYes
41%
HOUSE DJ'sJames HypeYes
41%
BASS HOUSE DJ'sJoyrideYes
41%
PSYTRANCE DJ'sLiquid SoulYes
41%
FUTURE RAVE DJ'sMariana BoNo
41%
HARDCORE DJ'sMiss K8Yes
41%
DRUM & BASS DJ'sNetskyYes
41%
FUTURE BASS DJ'sPorter RobinsonYes
41%
BIGROOM DJ'sQuintinoYes
41%
TECHNO DJ'sReinier ZonneveldYes
41%
TECHNO DJ'sRichie HawtinYes
41%
DUBSTEP / BROSTEP DJ'sSlushiiYes
41%
PSYTRANCE DJ'sVini ViciYes
41%
TRAP DJ'sWoraklsNo
41%
BASS HOUSE DJ'sAC SlaterYes
35%
FUTURE HOUSE DJ'sAlokYes
35%
HARDCORE DJ'sAngerfistYes
35%
BIGROOM DJ'sBassjackersYes
35%
TRANCE DJ'sDarudeYes
35%
TRAP DJ'sDiploYes
35%
DUBSTEP / BROSTEP DJ'sExcisionYes
35%
FUTURE BASS DJ'sFlumeYes
35%
DUBSTEP / BROSTEP DJ'sGammerYes
35%
FUTURE BASS DJ'sIlleniumYes
35%
BASS HOUSE DJ'sJauzYes
35%
FUTURE BASS DJ'sLost FrequenciesNo
35%
FUTURE RAVE DJ'sMaddixNo
35%
TRAP DJ'sMarshmelloYes
35%
ELECTRO HOUSE DJ'sMartin SolveigYes
35%
PROGRESSIVE HOUSE DJ'sMatisse & SadkoYes
35%
PROGRESSIVE HOUSE DJ'sNicky RomeroYes
35%
DRUM & BASS DJ'sPendulumYes
35%
HARDCORE DJ'sSefaYes
35%
TECHNO DJ'sSolomunYes
35%
ELECTRO HOUSE DJ'sSteve AokiYes
35%
FUTURE HOUSE DJ'sTchamiYes
35%
TRANCE DJ'sTiestoYes
35%
HOUSE DJ'sAcrazeYes
29%
PSYTRANCE DJ'sAstrixYes
29%
PSYTRANCE DJ'sBlastoyzYes
29%
BASS HOUSE DJ'sChris LorenzoYes
29%
FUTURE HOUSE DJ'sCurbiYes
29%
FUTURE RAVE DJ'sDavid GuettaYes
29%
DRUM & BASS DJ'sDimensionYes
29%
TRANCE DJ'sGareth EmeryYes
29%
BASS HOUSE DJ'sHabstraktYes
29%
BIGROOM DJ'sHardwellYes
29%
TECHNO DJ'sHi-LoYes
29%
HOUSE DJ'sJoel CorryYes
29%
DUBSTEP / BROSTEP DJ'sKnock2Yes
29%
FUTURE RAVE DJ'sMortenYes
29%
DRUM & BASS DJ'sNoisiaYes
29%
ELECTRO HOUSE DJ'sR3habYes
29%
FUTURE BASS DJ'sSan HoloYes
29%
DRUM & BASS DJ'sSub FocusYes
29%
BASS HOUSE DJ'sWax MotifYes
29%
ELECTRO HOUSE DJ'sZeddYes
29%
PSYTRANCE DJ'sAce VenturaYes
24%
DRUM & BASS DJ'sAndy CYes
24%
PSYTRANCE DJ'sArmin Van BuurenYes
24%
BASS HOUSE DJ'sGhastlyYes
24%
BASS HOUSE DJ'sKnock2Yes
24%
ELECTRO HOUSE DJ'sKSHMRYes
24%
HOUSE DJ'sMalaaYes
24%
TRANCE DJ'sMaRLoYes
24%
HARDCORE DJ'sRoolerYes
24%
TRAP DJ'sAazarYes
18%
BASS HOUSE DJ'sDastikYes
18%
ELECTRO HOUSE DJ'sDeorroYes
18%
HOUSE DJ'sJeff MillsYes
18%
HOUSE DJ'sMarten HorgerYes
18%
HOUSE DJ'sVinneYes
18%
FUTURE HOUSE DJ'sBhaskarYes
12%
FUTURE BASS DJ'sMartin GarrixYes
12%

Score Distribution

Percentile by Number Answered

Percent of People with Each Score

Your Score History

You have not taken this quiz